難読インターチェンジ名30 - Statistics

General Stats
  • This quiz has been taken 263 times
  • The average score is 14 of 30
Answer Stats
所属路線 名称 Answer % Correct
首都高速10号晴海線 東雲JCT しののめ
94%
東北自動車道 大鰐弘前IC おおわにひろさき
85%
第二京阪道路 枚方東IC ひらかたひがし
84%
新名神高速道路 菰野IC こもの
82%
道東自動車道 足寄IC あしょろ
81%
道央自動車道 長万部IC おしゃまんべ
81%
倶知安余市道路 倶知安IC くっちゃん
81%
北陸自動車道 親不知IC おやしらず
80%
津軽自動車道 鰺ヶ沢IC あじがさわ
79%
首都圏中央連絡自動車道 青梅IC おうめ
78%
第三京浜道路 都筑IC つづき
78%
常磐自動車道 いわき四倉IC いわきよつくら
77%
沖縄自動車道 金武IC きん
77%
東海環状自動車道 山県IC やまがた
77%
九州自動車道 姶良IC あいら
76%
仙台東部道路 亘理IC わたり
76%
磐越自動車道 会津坂下IC あいづばんげ
74%
道東自動車道 占冠IC しむかっぷ
74%
名神高速道路 安八SIC あんぱち
73%
猿投グリーンロード 猿投東IC さなげひがし
73%
播但連絡道路 朝来IC あさご
72%
長野自動車道 梓川SIC あずさがわ
72%
十勝オホーツク自動車道 訓子府IC くんねっぷ
72%
山陰近畿自動車道 余部IC あまるべ
70%
磐越自動車道 猪苗代磐梯高原IC いなわしろばんだいこうげん
70%
山陰自動車道 赤碕中山IC あかさきなかやま
69%
深川留萌自動車道 秩父別IC ちっぷべつ
69%
知多半島道路 阿久比IC あぐい
68%
道央自動車道 国縫IC くんぬい
67%
指宿スカイライン 頴娃IC えい
66%
山陰自動車道 温泉津IC ゆのつ
66%
三遠南信自動車道 喬木IC たかぎ
65%
東北自動車道 碇ヶ関IC いかりがせき
63%
亀田バイパス 姥ヶ山IC うばがやま
63%
沖縄自動車道 北中城IC きたなかぐすく
63%
那覇空港自動車道 南風原北IC はえばるきた
62%
音中道路 音威子府IC おといねっぷ
61%
旭川紋別自動車道 比布北IC ぴっぷきた
61%
阪神高速14号松原線 喜連瓜破出入口 きれうりわり
60%
中国自動車道 夢前SIC ゆめさき
60%
道央自動車道 虻田洞爺湖IC あぶたとうやこ
59%
米子自動車道 蒜山IC ひるぜん
59%
常磐自動車道 いわき勿来IC いわきなこそ
58%
京滋バイパス 巨椋IC おぐら
57%
名古屋高速3号大高線 呼続出入口 よびつぎ
57%
阪和自動車道 印南IC いなみ
56%
九州自動車道 松橋IC まつばせ
56%
中国自動車道 吉川IC よかわ
56%
南九州自動車道 出水IC いずみ
55%
長崎自動車道 木場SIC こば
55%
日出バイパス 日出IC ひじ
54%
山陰自動車道 明石IC あけいし
53%
新名神高速道路 茨木千提寺IC いばらきせんだいじ
53%
三陸沿岸道路 種差海岸階上岳IC たねさしかいがんはしかみだけ
53%
関越自動車道 長岡南越路SIC ながおかみなみこしじ
53%
広島高速1号線 温品JCT ぬくしな
53%
伊勢二見鳥羽ライン 朝熊IC あさま
52%
北関東自動車道 太田強戸SIC おおたごうど
52%
東北自動車道 都賀西方SIC つがにしかた
52%
京奈和自動車道 岩出根来IC いわでねごろ
51%
中部縦貫自動車道 勝原IC かどはら
51%
紀勢自動車道 日置川IC ひきがわ
51%
松山自動車道 大洲肱南IC おおずこうなん
50%
那覇空港自動車道 豊見城・名嘉地IC とみぐすく・なかち
50%
道央自動車道 落部IC おとしべ
48%
甲府山梨道路 鎮目ランプ しずめ
47%
西湘バイパス 酒匂IC さかわ
46%
大分自動車道 杷木IC はき
46%
山陽自動車道 埴生IC はぶ
46%
東名高速道路 舘山寺SIC かんざんじ
44%
山陰自動車道 大田中央・三瓶山IC おおだちゅうおう・さんべさん
42%
北近畿豊岡自動車道 八鹿氷ノ山IC ようかひょうのせん
42%
修善寺道路 大仁南IC おおひとみなみ
41%
伊豆スカイライン 玄岳IC くろたけ
41%
三陸沿岸道路 洋野宿戸IC ひろのしゅくのへ
41%
福岡高速環状線 野芥出入口 のけ
40%
福岡高速環状線 百道出入口 ももち
40%
北陸自動車道 安宅SIC あたか
39%
長野自動車道 麻績IC おみ
39%
名古屋高速5号万場線 烏森出入口 かすもり
39%
東九州自動車道 安心院IC あじむ
38%
指宿スカイライン 錫山IC すずやま
38%
東九州自動車道 築城IC ついき
38%
高松自動車道 津田寒川IC つださんがわ
38%
中村宿毛道路 間IC はざま
38%
紀勢自動車道 海山IC みやま
38%
日本海東北自動車道 朝日三面IC あさひみおもて
37%
大分自動車道 天瀬高塚IC あまがせたかつか
37%
北関東自動車道 出流原SIC いずるはら
37%
阪神高速11号池田線 神田出入口 こうだ
37%
日光宇都宮道路 徳次郎IC とくじら
36%
湖西道路 和迩IC わに
36%
北関東自動車道 宇都宮上三川IC うつのみやかみのかわ
35%
松山自動車道 内子五十崎IC うちこいかざき
34%
南知多道路 古布IC こう
34%
西九州自動車道 佐世保三川内IC させぼみかわち
34%
阪神高速16号大阪港線 波除出入口 なみよけ
34%
根室道路 温根沼IC おんねとう
33%
東北自動車道 若柳金成IC わかやなぎかんなり
33%
尾道自動車道 吉舎IC きさ
31%
名阪国道 友生IC ともの
31%
新新バイパス 一日市IC ひといち
31%
三陸沿岸道路 洋野有家IC ひろのうげ
30%
釜石自動車道 滝観洞IC ろうかんどう
30%
六甲北有料道路 唐櫃IC からと
28%
北九州高速1号線 下到津出入口 しもいとうづ
27%
十勝オホーツク自動車道 陸別小利別IC りくべつしょうとしべつ
27%
道央自動車道 輪厚SIC わっつ
27%
六甲北有料道路 大沢IC おおぞう
26%
黒崎バイパス 皇后崎ランプ こうがさき
26%
長崎自動車道 長崎芒塚IC ながさきすすきづか
26%
津幡バイパス 利屋IC とぎや
25%
松山自動車道 宇和島坂下津IC うわじまさかしづ
22%
のと里山海道 上棚矢駄IC うわだなやだ
22%
西九州自動車道 調川IC つきのかわ
22%
松江自動車道 吉田掛合IC よしだかけや
22%
東北中央自動車道 福島大笹生IC ふくしまおおざそう
21%
中津日田道路 耶馬溪山移IC やばけいやまうつり
21%
東北中央自動車道 米沢八幡原IC よねざわはちまんぱら
21%
猿投グリーンロード 枝下IC しだれ
19%
中九州横断道路 車帰IC くるまがえり
18%
松山自動車道 大洲冨士IC おおずとみす
17%
名阪国道 治田IC はった
17%
北九州高速2号線 日明出入口 ひあがり
17%
高松自動車道 三豊鳥坂IC みとよとっさか
17%
南阪奈道路 雲梯ランプ うなて
16%
阪神高速13号東大阪線 水走出入口 みずはい
16%
南薩縦貫道 南九州神殿IC みなみきゅうしゅうこうどん
16%
三遠南信自動車道 飯田上久堅・喬木富田IC いいだかみひさかた・たかぎとみだ
15%
中津日田道路 三光下秣IC さんこうしもまくさ
15%
七尾田鶴浜バイパス 直津IC ただつ
15%
三陸沿岸道路 通岡IC かよおか
14%
阿南安芸自動車道 長生IC ながいけ
13%
沖縄自動車道 池武当IC いけんとう
12%
岡山ブルーライン 蕃山IC しげやま
11%
三原バイパス 恵下谷ランプ えげだに
10%
新潟バイパス 逢谷内IC おうやち
10%
中津日田道路 定留IC さだのみ
9%
中津日田道路 伊藤田IC いどうだ
6%
No matching quizzes found
Score Distribution
Percent of People with Each Score
Percentile by Number Answered
Your Score History
You have not taken this quiz